• 首页
  • 本馆介绍
  • 公告通知
  • 最新文献
  • 馆藏检索
  • 电子资源
  • 读者导购
  • 参考咨询
  • 我的图书馆
  • 登录
  • 详细信息显示
  • 放入我的书架
  • 预约/预借图书
  • 作者相关作品
  • 分类相关作品
  • 丛书相关作品
  • 出版社相关作品

书目信息

  • 表格格式
  • 工作单格式
  • 卡片格式
题名:
理论力学教程
    
 
作者: 周衍柏 编
分册:  
出版信息:   人民教育出版社  1986
页数: 371页
开本: 19cm
丛书名:
单 册:
中图分类: O31
科图分类:
主题词: 理论力学--高等学校--教材
电子资源:
ISBN: 7-04-001317-7
000 00662nam0 2200253 45
001 0198023697
005 20060928083150.03
010    @a7-04-001317-7@dCNY11.60
091    @a13012.0283
100    @a19980429d1986 em y0chiy0121 ea
101 0  @achi
102    @aCN@b430000
102    @aCN@b110000
105    @ay z 000yy
200 10 @a理论力学教程@Ali lun li xue jiao cheng@f周衍柏编@FZhou Yan Bai Bian
205    @a第二版
210    @b北京@c人民教育出版社@d1986
215    @a371页@d19cm
300    @a高等学校教材
606    @a理论力学@x高等学校@x教材
690    @aO31@v3
701  0 @a周衍柏@4编
801    @aCN@bTSTC@c20060928
905    @dO31@e12=2
    
    理论力学教程/周衍柏编.-第二版.-(北京):人民教育出版社,1986
    371页;19cm
    高等学校教材
    
    ISBN 7-04-001317-7:CNY11.60
    
●
相关链接 在E读中查询图书 在五车中查询图书 在当当中查询图书 在豆瓣中查询图书


正题名:理论力学教程     索取号:O31/12=2         预约/预借

序号 登录号 条形码 馆藏地/架位号 状态 备注
1 0489433   204894338   密集书库/ [索取号:O31/12=2] 在馆    
2 0489434   204894347   密集书库/ [索取号:O31/12=2] 在馆    
唐山师范学院图书馆 欢迎您!
大连网信软件有限公司© 版权所有